Govt. of
Madhya Pradesh

The Historical Role Of Islam (Record no. 16638)

MARC details
000 -LEADER
fixed length control field 004170000a22001570004500
001 - CONTROL NUMBER
control field 004752
003 - CONTROL NUMBER IDENTIFIER
control field MACL
040 ## - CATALOGING SOURCE
Original cataloging agency MACL
090 ## - LOCALLY ASSIGNED LC-TYPE CALL NUMBER (OCLC); LOCAL CALL NUMBER (RLIN)
-- 16745
-- 16744
100 ## - MAIN ENTRY--PERSONAL NAME
Personal name Roy, M.N.
245 ## - TITLE STATEMENT
Title The Historical Role Of Islam
Remainder of title On The Occasion Of Khuda Baksh seminar On Indic perception Of Islam And Muslim
Statement of responsibility, etc. M.N. Roy
260 ## - PUBLICATION, DISTRIBUTION, ETC. (IMPRINT)
Place of publication, distribution, etc. Khuda Baksh Publicity,
Date of publication, distribution, etc. 1996
350 ## - PRICE (NR) (BK AM CF MU VM SE) [OBSOLETE]
Price 50
650 ## - SUBJECT ADDED ENTRY--TOPICAL TERM
Topical term or geographic name as entry element Religion
942 ## - ADDED ENTRY ELEMENTS (KOHA)
Call number prefix 297
Koha item type Library Membar
Holdings
Withdrawn status Lost status Source of classification or shelving scheme Damaged status Not for loan Home library Current library Date acquired Cost, normal purchase price Total Checkouts Full call number Barcode Date last seen Uniform Resource Identifier Price effective from Koha item type
          MACL MACL 15/04/2015 50.00   297/ROU CRE010375 02/05/2024 16547 15/04/2015 Books